00306pab a2200085 454500008003600000100001800036245011200054650002300166773003100189180718b xxu||||| |||| 00| 0 eng d aGibbon, Peter aA failed agenda ? African agriculture under structural adjustment with special reference to Kenya and Ghana aAgriculture Africa aJournal of peasant studies